La casa deshabitada (Record no. 161275)

MARC details
000 -LEADER
campo de control de longitud fija 00766nam a22001695i 4500
001 - NÚMERO DE CONTROL
campo de control 161275
003 - IDENTIFICADOR DE NÚMERO DE CONTROL
campo de control ES-MaACL
005 - FECHA Y HORA DE LA ÚLTIMA TRANSACCIÓN
campo de control 20251005063126.0
008 - DATOS DE LONGITUD FIJA--INFORMACIÓN GENERAL
campo de control de longitud fija 041018s1849 sp |||| | spa d
040 ## - FUENTE DE CATALOGACIÓN
Centro catalogador/agencia de origen CAM
Lengua de catalogación spa
Centro/agencia transcriptor CAM
100 1# - ENTRADA PRINCIPAL--NOMBRE DE PERSONA
Nombre de persona Palacios y Toro, Francisco de,
Fechas asociadas al nombre n. 1877
9 (RLIN) 130785
245 13 - MENCIÓN DEL TÍTULO
Título La casa deshabitada
Resto del título : comedia en un acto y en verso /
Mención de responsabilidad, etc. por Francisco de Palacios y Toro.
260 ## - PUBLICACIÓN, DISTRIBUCIÓN, ETC.
Lugar de publicación, distribución, etc. Madrid :
Nombre del editor, distribuidor, etc. Circulo Literario Comercial,
Fecha de publicación, distribución, etc. 1849 (
Fabricante Imprenta de José Sanchez Valledor, á cargo de Federico Cañas)
300 ## - DESCRIPCIÓN FÍSICA
Extensión 37 p. ;
Dimensiones 18 cm.
852 ## - LOCALIZACIÓN
Ubicación ES-MaACL
Número de control de estantería F-8642(7)
Nota libre -- Enc. hol.
condición física -- Falto de la cub. original
Nota libre -- Enc. en un vol. facticio formando parte de la col. facticia "Teatro español moderno" v. 99
Holdings
Estatus retirado Estado de pérdida Estado de daño No para préstamo Colección Biblioteca de origen Biblioteca actual Ubicación en estantería Fecha de adquisición Total de préstamos Signatura topográfica completa Código de barras Visto por última vez Precio de reemplazo Tipo de ítem Koha
        Libros del s. XIX Biblioteca del Ateneo de Madrid Biblioteca del Ateneo de Madrid Sala Pecera Planta 2 17/01/2008   F-8642(7) 1168925 23/02/2023 23/02/2023 Libro impreso antiguo